Statistics for Top 10 Indiana Pacers NBA Starters

Click here to take the quiz!

General Stats

  • This quiz has been taken 135 times
  • The average score is 12 of 20

Answer Stats

TeamPlayer% Correct
1993-94, 1994-95, 1997-98, 1998-99, 1999-00, 2003-04, 2004-05Reggie Miller
99%
2011-12, 2012-13, 2013-14Paul George
95%
2011-12, 2012-13, 2013-14Roy Hibbert
84%
1994-95, 1997-98, 1998-99, 1999-00Mark Jackson
79%
2004-05Stephen Jackson
79%
1993-94, 1994-95, 1997-98, 1998-99, 1999-00Rik Smits
78%
2003-04, 2004-05Jermaine O'Neal
77%
2003-04Metta World Peace
70%
2012-13, 2013-14George Hill
67%
2012-13, 2013-14Lance Stephenson
64%
2011-12Danny Granger
59%
2011-12, 2012-13, 2013-14David West
55%
1993-94, 1994-95, 1997-98, 1998-99, 1999-00, 2004-05Dale Davis
54%
1999-00Jalen Rose
46%
1997-98, 1998-99Chris Mullin
44%
2011-12Darren Collison
38%
2003-04, 2004-05Jamaal Tinsley
34%
2003-04Jeff Foster
26%
1993-94, 1994-95Derrick McKey
21%
1993-94Haywoode Workman
5%

Score Distribution

Percentile by Number Answered

Percent of People with Each Score

Your Score History

You have not taken this quiz